01375cam a22003614i 4500003000900000005001700009008004100026035001900067040003300086082001900119100003100138245005400169264004900223300002800272336002100300337002500321338002300346504002800369505046400397526001000861526001000871526001000881526001000891526000800901526000800909526000800917526000800925526000800933526000800941526000800949650002800957650002800985PE-LiUPU20250731173143.0150623s r 000 0 d a(Sirsi) a27643 aPE-LiUPUbspacPE-LiUPUerda04a259.6bK892211 aKuenning, Delores,eautor.10aHelping people through grief /cDelores Kuenning. 1aMichigan :bBethany House Publishers,c1987. a272 páginas ;c20 cm. atext2rdacontent aunmediated2rdamedia avolume2rdacarrier aIncluye bibliografía.0 aNo easy answer. Clear thinking about God's will. When hello means heartache. When hello means goodbye. SIDS. Someone murdered vicki. A missing child. Suffer the little childeren. How to talk with childeren about death. I gave my child away. I killed my baby. Violated. When a marriage breaks up. Part of me is gone. By on's own hand. Without warning. Living on borrowd time. All alone. someone she once knew. When death comes as a friend. Our hope is heaven. aSEG42 aSEG41 aSEG40 aSEG39 aP94 aP87 aP86 aP85 aP77 aP76 aP3504aTragediaxCristianismo.04aConsejería cristiana.